00480cam a22001337a 4500008004000000082002500040100001600065245007600081260006300157300001000220500006200230650001000292650004400302180718b2000 xxu||||| |||| 00| 0 eng d aAPPPA 99-2000 LAM/16 aLamba, A.S. aSales tax reforms in national capital terrotory of Delhicby A.S. Lamba aNew DelhibIndian Institute of Public Administrationc2000 a119p. aAn APPPA M.Phil. dissertation, 99-2000 (Guide: A. Sarada) aAPPPA aSales tax - Law and Legislation - Delhi